000 00704cam a22002531 4500
001 sa 64003693
003 DLC
005 20260227112019.0
008 890620s1963 ii b 000 1 tamo
010 _asa 64003693
035 _a(OCoLC)19900662
040 _aDLC
_cWaU
_dDLC
042 _apremarc
050 0 0 _aPL4758.9.J25
_bM3
100 0 _aJekacir̲piyan̲,
_d1925-1978.
245 0 0 _aMaturāntaki.
260 _c[1963]
300 _a226 p.
_c19 cm.
500 _aIn Tamil.
500 _aA novel.
504 _aBibliography: p. [12]
600 0 0 _aKulottunga
_bI,
_cChola King,
_dactive 1070-1118
_vFiction.
600 0 0 _aMadhurantaki,
_cconsort of Kulottunga I,
_dactive 11th century
_vFiction.
999 _c58066
_d58066